000
00297nam a22001337a 4500
008
170411b xxu||||| |||| 00| 0 eng d
020
_a
9780323014717
041
_a
eng
080
_a
618
100
_a
10
101
_a
SHM
245
_a
NEOTANAL INTENSIVE CARE
_c
MERENSTEN.G.B
942
_2
udc
_c
BK
999
_c
10333
_d
10333